Welcome to the Holygrace Academy Library

Please use search bar below to get started

CLASSIC TALES FOR CHILDREN (Record no. 3688)

MARC details
000 -LEADER
fixed length control field 00337nam a22001457a 4500
020 ## - INTERNATIONAL STANDARD BOOK NUMBER
ISBN 81-87349-14-X
082 ## - DEWEY DECIMAL CLASSIFICATION NUMBER
Classification number 823
Item number BHA/C
100 ## - MAIN ENTRY--AUTHOR NAME
Personal name BHANOT, REINU
245 ## - TITLE STATEMENT
Title CLASSIC TALES FOR CHILDREN
Remainder of title SHORT STORY
260 ## - PUBLICATION, DISTRIBUTION, ETC. (IMPRINT)
Place of publication NEW DELHI
Name of publisher ARORA BOOK COMPANY
300 ## - PHYSICAL DESCRIPTION
Number of Pages 64
520 ## - SUMMARY, ETC.
Summary, etc SHORT STORY
650 ## - SUBJECT ADDED ENTRY--TOPICAL TERM
Topical Term SHORT STORY
942 ## - ADDED ENTRY ELEMENTS (KOHA)
Koha item type Books
Holdings
Withdrawn status Lost status Collection code Home library Current library Shelving location Date acquired Source of acquisition Cost, normal purchase price Full call number Accession Number Koha item type
    Fiction Main Library Main Library SHELF 4-H HARDY BOYS,CAPTAIN UNDERPANTHS,TALES FOR CHILDREN 29/10/2019 Purchase 50.00 823 BHA/C 11815 Books
    Fiction Main Library Main Library SHELF 4-H HARDY BOYS,CAPTAIN UNDERPANTHS,TALES FOR CHILDREN 29/11/2019 Purchase 50.00 823 BHA/C 12131 Books
    Fiction Main Library Main Library SHELF 4-H HARDY BOYS,CAPTAIN UNDERPANTHS,TALES FOR CHILDREN 29/10/2019 Purchase 50.00 823 BHA/C 11817 Books
    Fiction Main Library Main Library SHELF 4-H HARDY BOYS,CAPTAIN UNDERPANTHS,TALES FOR CHILDREN 29/11/2019 Purchase 40.00 823 BHA/C 12133 Books
    Fiction Main Library Main Library SHELF 4-H HARDY BOYS,CAPTAIN UNDERPANTHS,TALES FOR CHILDREN 29/10/2019 Purchase 50.00 823 BHA/C 11812 Books
    Fiction Main Library Main Library SHELF 4-H HARDY BOYS,CAPTAIN UNDERPANTHS,TALES FOR CHILDREN 29/10/2019 Purchase 50.00 823 BHA/C 11813 Books
    Fiction Main Library Main Library SHELF 4-H HARDY BOYS,CAPTAIN UNDERPANTHS,TALES FOR CHILDREN 29/10/2019 Purchase 50.00 823 BHA/C 11811 Books
    Fiction Main Library Main Library SHELF 4-H HARDY BOYS,CAPTAIN UNDERPANTHS,TALES FOR CHILDREN 29/11/2019 Purchase 50.00 823 BHA/C 12132 Books
    Fiction Main Library Main Library SHELF 4-H HARDY BOYS,CAPTAIN UNDERPANTHS,TALES FOR CHILDREN 16/05/2011 Purchase 35.00 823 BHA/C 04771 Books
    Fiction Main Library Main Library SHELF 4-H HARDY BOYS,CAPTAIN UNDERPANTHS,TALES FOR CHILDREN 29/05/2017 Purchase 30.00 823 BHA/C 08659 Books
    Fiction Main Library Main Library SHELF 4-H HARDY BOYS,CAPTAIN UNDERPANTHS,TALES FOR CHILDREN 16/03/2018 Purchase 45.00 823 BHA/C 10170 Books